00422nam a2200157Ia 4500003000400000008004100004040001600045082001700061100002200078245004400100260003900144300001000183650001600193650001900209650003600228GCL140319s9999 xx 000 0 eng d aGCL / cGCL04a005.133bG R1 aGABRIEL, GOLDBERG10aTHE REXX HANDBOOK / cGABRIEL, GOLDBERG a[S.N] : bMC GRAW - HILL ، c1992 a646 P04aPROGRAMMING04aIBM COMPUTERS04aREXX, COMPUTER PROGRAM LANGUAGE